Les Kassos - Le Grand Trombinoscope - Statistiques

Statistiques générales
  • Ce quiz a été pris 45 fois
  • Le résultat moyen est 63 sur 100
Statistiques - réponses
Hint Réponse % Correct
Ratacouille
91%
Lucky Cul
89%
Lara Craft
86%
Aspégix 489cdb4b11-450.webp
86%
Proumpfette
86%
Hello Kiki
86%
Naroute
86%
WALL-A
86%
Homer Simplon
86%
Ptiripou
83%
Frankulin
83%
Hermine
83%
Barbajeanluc
83%
Ouai-Ouai
83%
Yugi Uno
83%
Grodébilix
83%
Chattewoman
83%
M. Patatos 23d3ba3321-450.webp
80%
Spouri
80%
Planche de Neige
80%
Sachatte
80%
Totogro f76938e632-450.webp
80%
Alladech
77%
ITI 139c15ccf9-450.webp
77%
Coyite
77%
Sassouke
77%
Jhanos
77%
Psykokoin
77%
Leya Sodo a26050655f-450.webp
77%
Dumbof
77%
Prince de Cu
74%
Pêche
74%
Papi Fougasse a9328eec8c-450.webp
74%
Barby
74%
Zizimir
74%
Lieutenant Dirty Gadgette fb78271d12-450.webp
74%
Charles Lee
71%
One Bourrepif Man
71%
Véguéta
71%
Kiné le survivant
71%
Shrank
71%
Barbanicole
71%
Père Casse Couille
71%
Jokerini
71%
Marius
71%
Zelda
71%
Hellbol
69%
Zumba
69%
Sandy
69%
Terminateur
69%
Yann Sodo 0c7bf38017-450.webp
66%
Totof
66%
Inspecteur Chien
66%
Elisa
66%
Stéphanook
66%
Bip-bop
66%
Captain Olivio d210ada762-450.webp
66%
Aya Nakamérou
66%
Froton f90f61c936-450.webp
66%
Jimmy Lannister
63%
Sarulman
63%
Soporivitch
63%
Porpypute
63%
Serpent Solide
63%
Diesel
63%
Coppycolo
60%
Edouard
60%
Clipi
60%
Darty
60%
Gora
60%
Ganonmorfle
57%
Bluffy
57%
Dépression
57%
Sefirote
54%
Herr Tatillon
54%
Anita
51%
Valérie
51%
Gaggum
51%
Moc
49%
Anthony Cringerton
49%
Gigi
49%
Stéphâne
49%
Limoges
46%
Zeubi
46%
Blankulk
40%
Scoully
37%
Jean-Claude
37%
Jackyra
37%
Sonya
34%
Aimanto
34%
Bouseux
31%
Aktion Man
29%
Groucouac
29%
Sans Gêne
26%
Claude
26%
Jacques
26%
Muldor
26%
Gilles
20%
Goupine
17%
Laetitia
14%
Aucun quiz correspondant
Distribution des résultats
% des personnes avec chaque résultat
Percentile par nombre de réponses
Votre historique - résultats
Vous n’avez pas pris ce quiz